000
00268nam a2200121 a 4500
008
101027s1976|||| d
245
1
0
_a
Obilie
100
1
_a
Mamin-Sibiriak, D. N.
260
_b
Tatran
_a
Bratislava
_c
1976
020
_c
26
041
_a
slo
044
_a
Sk
999
_c
12341
_d
12341